| 000 | 00944nam a2200241 i 4500 | ||
|---|---|---|---|
| 001 | 53150 | ||
| 003 | ES-MaACL | ||
| 005 | 20230906162721.0 | ||
| 007 | t| | ||
| 008 | 941129s1848 sp |||| | spa d | ||
| 100 | 1 |
_aDu Hamel, Victor Auguste _ccomte. _9149566 |
|
| 245 | 1 | 0 |
_aHistoria constitucional de la monarquía española _b: desde la invasión de los bárbaros hasta la muerte de Fernando VII : 411-1833 / _cpor el conde Victor Du-Hamel ; traducida, anotada y adicionada hasta la mayoría de la reina doña Isabel II por D. Baltasar Anduaga y Espinosa. |
| 250 | _a2ª ed. | ||
| 260 |
_aMadrid : _bMellado, _c1848. |
||
| 300 |
_a2 v. ; _c19 cm. |
||
| 490 | 1 | _aBiblioteca popular | |
| 650 | 4 |
_aMonarquía- _zEspaña- _vHistoria. _915145 |
|
| 651 | 4 |
_aEspaña- _xHistoria. _98209 |
|
| 700 | 1 |
_aAnduaga y Espinosa, Baltasar. _921682 |
|
| 830 | 0 |
_aBiblioteca popular _9181768 |
|
| 852 |
_aES-MaACL _jD-1084-85 |
||
| 999 |
_c53150 _d53150 |
||